000 00298nam a2200121Ia 4500
005 20251222144714.0
008 251222s9999||||xx |||||||||||||| ||spa||
020 _a84-922660-0-7
082 _a236.4/O24
245 0 _aMaría y la Nueva Evangelización
264 _bCruzados de María
942 _cLIB
999 _c17927
_d17927